Pedagogía y política de la esperanza. Teoría, cultura y enseñanza. Una antología crítica.

Saved in:
Bibliografiske detaljer
Hovedforfatter: Giroux, Henry A (Author)
Format: Ukendt
Sprog:engelsk
Udgivet: Buenos Aires, Argentina: Amorrortu editores, 2003
Serier:Educación Agenda Educativa
Fag:
Tags: Tilføj Tag
Ingen Tags, Vær først til at tagge denne postø!

MARC

LEADER 00000 a2200000 4500
003 CL-VaPUC
005 20220325121042.0
008 220302b2003 ||||| |||| 00| 0 eng d
999 |c 434175  |d 434173 
020 |a 9789505188291 
040 |c Pontificia Universidad Católica de Valparaíso 
082 |a 370.115 GIR 2003  |2 22 
100 |a Giroux, Henry A  |9 524493  |e author 
245 |a Pedagogía y política de la esperanza.  |b Teoría, cultura y enseñanza. Una antología crítica. 
260 |a Buenos Aires, Argentina:  |b Amorrortu editores,   |c 2003 
300 |a 380 páginas  
490 |a Educación Agenda Educativa  
583 |k Cristina María Rojas Aguilar  |c 20220302 
650 0 |a Pedagogía crítica   |9 468400 
942 |2 ddc  |c BK 
952 |0 0  |1 0  |2 ddc  |4 0  |6 370_115000000000000_GIR_2003  |7 0  |8 A  |9 581626  |a BIBTEO  |b BIBTEO  |c GEN  |d 2022-03-02  |e 3  |g 28606.00  |i 5648866  |o 370.115 GIR 2003  |p 5648866  |r 2025-01-17  |t 1  |v 28606.00  |w 2022-03-02  |y BK  |k ICR